Friedrich Nietzsche : 2. Los diez años de Basilea (1869-1879) / Versión española de Jacobo Muñoz e Isidoro Reguera

محفوظ في:
التفاصيل البيبلوغرافية
المؤلف الرئيسي: Janz, Curt paul
التنسيق: كتاب
اللغة:Undetermined
منشور في: Madrid, España Alianza 1987
الموضوعات:
الوسوم: إضافة وسم
لا توجد وسوم, كن أول من يضع وسما على هذه التسجيلة!

MARC

LEADER 00000nam a2200000Ia 4500
008 170316s9999 xx 000 0 und d
090 |a 100 J-3.1f v.2 
100 |a Janz, Curt paul 
245 |a Friedrich Nietzsche : 2. Los diez años de Basilea (1869-1879) / Versión española de Jacobo Muñoz e Isidoro Reguera 
260 |a Madrid, España 
260 |b Alianza 
260 |c 1987 
300 |a 467 páginas Vol. 2 
650 |a FILOSOFÍA 
650 |a BIOGRAFÍA - NIETZSCHE FRIEDRICH 
650 |a AÑOS DE BASILEA (1869-1879) 
999 |c 16596  |d 16596 
040 |a cru BVZT 
942 |c 15 D  |h 100 J-3.1f v.2  |2 z